[Event "BL 1415 Turm Emsdetten - Bayern Münche"]
[Site "?"]
[Date "2015.02.22"]
[Round "11.8"]
[White "Richter, Christian"]
[Black "Stangl, Markus"]
[Result "1/2-1/2"]
[WhiteElo "2373"]
[BlackElo "2438"]
[PlyCount "48"]
[EventDate "2015.??.??"]

1. d4 Nf6 2. Nf3 e6 3. c4 c5 4. Nc3 cxd4 5. Nxd4 a6 6. g3 Qc7 7. Qd3 b6 8. Bg2
Bb7 9. O-O Bxg2 10. Kxg2 Nc6 11. Nxc6 Qxc6+ 12. f3 Rc8 13. Be3 Qxc4 14. Qxc4
Rxc4 15. Bxb6 Bb4 16. Rfc1 Bxc3 17. Rxc3 Rxc3 18. bxc3 d6 19. Rb1 Nd7 20. Bc7
Ke7 21. Rb7 Ra8 22. Ba5 Rb8 23. Ra7 Rb2 24. Kf2 Rxa2 1/2-1/2

[Event "BL 1415 SV Hockenheim - USV TU Dresden"]
[Site "?"]
[Date "2015.02.22"]
[Round "11.3"]
[White "Socko, Bartosz"]
[Black "Baramidze, David"]
[Result "1/2-1/2"]
[WhiteElo "2611"]
[BlackElo "2594"]
[PlyCount "67"]
[EventDate "2015.??.??"]

1. d4 Nf6 2. c4 e6 3. Nf3 d5 4. Nc3 Be7 5. Bf4 O-O 6. e3 Nbd7 7. Be2 dxc4 8.
O-O c5 9. dxc5 Nxc5 10. Bxc4 Qxd1 11. Rfxd1 b6 12. a4 Bb7 13. a5 bxa5 14. Rxa5
Rfc8 15. Bf1 Nd5 16. Nxd5 Bxd5 17. Nd4 Bd8 18. Ra3 a5 19. f3 Bb6 20. Nf5 Rd8
21. Ne7+ Kf8 22. Nxd5 exd5 23. Be5 Ne6 24. Kh1 d4 25. Rb3 Bc5 26. exd4 Bxd4 27.
Bxd4 Rxd4 28. Rxd4 Nxd4 29. Rb7 a4 30. Kg1 a3 31. bxa3 Rxa3 32. Bc4 Ne6 33.
Bxe6 fxe6 34. Kf2 1/2-1/2

[Event "BL 1415 SV Hockenheim - USV TU Dresden"]
[Site "?"]
[Date "2015.02.22"]
[Round "11.4"]
[White "Buhmann, Rainer"]
[Black "Maiwald, Jens-Uwe"]
[Result "1/2-1/2"]
[WhiteElo "2589"]
[BlackElo "2462"]
[PlyCount "83"]
[EventDate "2015.??.??"]

1. d4 Nf6 2. c4 g6 3. Nc3 Bg7 4. e4 d6 5. Nf3 O-O 6. Be2 e5 7. O-O Nc6 8. d5
Ne7 9. a4 a5 10. Ne1 Nd7 11. Nd3 f5 12. f3 Kh8 13. Bd2 Ng8 14. Kh1 b6 15. Qc2
Ndf6 16. exf5 gxf5 17. f4 e4 18. Nf2 Bd7 19. Be3 Qe8 20. Bd4 Qg6 21. Ncd1 Rf7
22. Ne3 Ne7 23. Rae1 Rg8 24. Nfd1 Be8 25. b3 Nd7 26. Bxg7+ Rfxg7 27. Qc3 h6 28.
Rg1 Kh7 29. Nf2 Qf6 30. Qxf6 Nxf6 31. Nfd1 Nd7 32. Nc2 Nc5 33. Nd4 Kg6 34. Ne3
Bd7 35. g3 Kf6 36. Kg2 Rh8 37. Kf2 h5 38. h4 Kg6 39. Rd1 Rc8 40. Rd2 Rgg8 41.
Rgd1 Rge8 42. Bf1 1/2-1/2

[Event "BL 1415 SV Hockenheim - USV TU Dresden"]
[Site "?"]
[Date "2015.02.22"]
[Round "11.5"]
[White "Boensch, Uwe"]
[Black "Wagner, Dennis"]
[Result "1/2-1/2"]
[WhiteElo "2541"]
[BlackElo "2523"]
[PlyCount "52"]
[EventDate "2015.??.??"]

1. d4 Nf6 2. c4 g6 3. Nf3 Bg7 4. e3 O-O 5. Be2 c5 6. d5 d6 7. Nc3 e6 8. e4 exd5
9. exd5 Bf5 10. O-O Ne4 11. Nxe4 Bxe4 12. Bd3 Bxf3 13. Qxf3 Nd7 14. Rb1 Re8 15.
Qd1 Bd4 16. Bc2 Nb6 17. b3 Qf6 18. Bh6 Re5 19. Bd3 Rae8 20. Bd2 R5e7 21. Qg4 h5
22. Qf4 Nd7 23. Qxf6 Bxf6 24. Rfe1 Bd4 25. Kf1 Rxe1+ 26. Rxe1 Rxe1+ 1/2-1/2

[Event "BL 1415 SV Hockenheim - USV TU Dresden"]
[Site "?"]
[Date "2015.02.22"]
[Round "11.6"]
[White "Brunello, Sabino"]
[Black "Gauglitz, Gernot"]
[Result "1-0"]
[WhiteElo "2530"]
[BlackElo "2393"]
[PlyCount "87"]
[EventDate "2015.??.??"]

1. e4 c5 2. Nf3 Nc6 3. Nc3 e5 4. Bc4 d6 5. d3 Be7 6. Nd2 Bg5 7. Nf1 Bxc1 8.
Rxc1 Nf6 9. Ne3 O-O 10. O-O Rb8 11. a3 a6 12. f4 exf4 13. Rxf4 Ne5 14. Ba2 b5
15. Qd2 Be6 16. Rcf1 Bxa2 17. Nxa2 Ne8 18. Nc3 Nc7 19. Nf5 b4 20. axb4 cxb4 21.
Ne2 d5 22. exd5 Nxd5 23. Rd4 Nc6 24. Rxd5 Qxd5 25. Qg5 Qe5 26. Ned4 Qxd4+ 27.
Nxd4 Nxd4 28. Rf2 b3 29. c3 Nb5 30. c4 Nd4 31. Qa5 Rfe8 32. h3 Rbd8 33. Qxa6 f5
34. Kh2 g6 35. c5 Re6 36. Qc4 Kf7 37. Rf4 Ne2 38. Rh4 h5 39. d4 g5 40. Rxh5
Nxd4 41. Rxg5 Kf6 42. Rg3 Re4 43. Qc3 Re2 44. c6 1-0

[Event "BL 1415 SV Hockenheim - USV TU Dresden"]
[Site "?"]
[Date "2015.02.22"]
[Round "11.7"]
[White "Hoffmann, Paul"]
[Black "Paehtz, Elisabeth"]
[Result "0-1"]
[WhiteElo "2349"]
[BlackElo "2481"]
[PlyCount "136"]
[EventDate "2015.??.??"]

1. e4 c5 2. Nf3 e6 3. Nc3 a6 4. a4 Nc6 5. g3 Nf6 6. Bg2 Be7 7. O-O d6 8. d4
cxd4 9. Nxd4 Qc7 10. Re1 O-O 11. Nce2 e5 12. Nxc6 bxc6 13. Nc3 a5 14. b3 Rd8
15. Bb2 Be6 16. Qe2 Qa7 17. h3 Rd7 18. Rad1 Bd8 19. Kh1 Bb6 20. f4 Rdd8 21. Qf3
Bd4 22. Ba3 h5 23. f5 Bc8 24. Ne2 Bc5 25. Bxc5 Qxc5 26. Nc3 Kf8 27. Qe3 Qxe3
28. Rxe3 Ke7 29. Nb1 g6 30. fxg6 fxg6 31. Nd2 Be6 32. Kh2 Rab8 33. Nf3 Rb4 34.
Ne1 Rb6 35. Rdd3 Nd7 36. Rd2 Rf8 37. Kg1 c5 38. c4 Nb8 39. Nc2 Nc6 40. Na3 Rb4
41. Nc2 Rbb8 42. Na3 Nd4 43. Nb5 Rf6 44. Red3 Rbf8 45. Rb2 Bd7 46. Re3 Bc6 47.
Nc3 R6f7 48. Nb5 Bd7 49. Nc3 Kd8 50. Nb5 Rf6 51. Nc3 Be6 52. Nb5 Kd7 53. Nc3
Kc6 54. Nb5 R6f7 55. Rd3 Bd7 56. Re3 Rf6 57. Nc3 Nf3+ 58. Kh1 Ng5 59. Kh2 Rf2
60. Rxf2 Rxf2 61. h4 Ne6 62. Nd5 Nd4 63. Kg1 Rf7 64. Rd3 Bg4 65. Nc3 Nxb3 66.
Nd5 Nd4 67. Rd2 Be2 68. Rb2 Rb7 0-1

[Event "BL 1415 SV Hockenheim - USV TU Dresden"]
[Site "?"]
[Date "2015.02.22"]
[Round "11.8"]
[White "Boguslavskyy, Oleg"]
[Black "Neef, Maximilian"]
[Result "1/2-1/2"]
[WhiteElo "2441"]
[BlackElo "2358"]
[PlyCount "95"]
[EventDate "2015.??.??"]

1. e4 e6 2. d4 d5 3. Nc3 Nf6 4. e5 Nfd7 5. f4 c5 6. Nf3 Nc6 7. Be3 Be7 8. Qd2
a6 9. Be2 O-O 10. O-O b5 11. Nd1 b4 12. Nf2 a5 13. c3 Ba6 14. Bxa6 Rxa6 15. f5
exf5 16. Qd3 Qc8 17. dxc5 Nxc5 18. Qxd5 Rd8 19. Qc4 Ne6 20. Rac1 Qb7 21. Nd3
Rc8 22. cxb4 axb4 23. Nf4 Nxf4 24. Qxf4 Qd7 25. Rfd1 Qe6 26. Bc5 Re8 27. Bxe7
Qxe7 28. Rd6 Qa7+ 29. Kh1 Nb8 30. Qxf5 g6 31. Qf6 Rxd6 32. Qxd6 Qxa2 33. Qxb4
Nd7 34. Qd4 Qe6 35. b4 Nxe5 36. Nxe5 Qxe5 37. Qxe5 Rxe5 38. Rb1 Rb5 39. Kg1 Kf8
40. Kf2 Ke7 41. Ke3 Kd6 42. Kd4 Kc6 43. Kc4 Rg5 44. b5+ Kb6 45. g3 h5 46. Rf1
Rg4+ 47. Kd5 h4 48. Rxf7 1/2-1/2

[Event "BL 1415 SG Turm Trier - Schachfr. Berli"]
[Site "?"]
[Date "2015.02.22"]
[Round "11.2"]
[White "Howell, David W L"]
[Black "Kraemer, Martin"]
[Result "1-0"]
[WhiteElo "2663"]
[BlackElo "2580"]
[PlyCount "109"]
[EventDate "2015.??.??"]

1. c4 Nf6 2. Nc3 e6 3. e4 d5 4. cxd5 exd5 5. e5 Ne4 6. d4 Bb4 7. Qa4+ Nc6 8.
Bb5 Bd7 9. Nge2 Nxc3 10. bxc3 Be7 11. Nf4 O-O 12. Nxd5 a6 13. Be2 Nxe5 14. Qc2
Ng6 15. Nxe7+ Qxe7 16. O-O Bc6 17. c4 Be4 18. Qd2 Rfe8 19. f3 Bf5 20. Re1 c6
21. a4 Rad8 22. Bb2 Qd6 23. Bf1 f6 24. Bc3 c5 25. d5 Nf8 26. Qb2 Qc7 27. a5 Nd7
28. Qf2 Ne5 29. Re3 Nf7 30. Rae1 Kf8 31. Qb2 Rxe3 32. Rxe3 Re8 33. Bd2 Rxe3 34.
Bxe3 Ne5 35. Qb3 h5 36. Bf2 Kf7 37. Be2 Kg6 38. Qa3 Nd7 39. Bg3 Ne5 40. Bf2 Nd7
41. g4 hxg4 42. fxg4 Be4 43. Bg3 Ne5 44. Qe3 Bb1 45. Qb3 Be4 46. Qe3 Bb1 47.
Bxe5 fxe5 48. Qb3 Be4 49. Bf3 Bxf3 50. Qxf3 Kh7 51. Qd3+ Kg8 52. d6 Qxa5 53. d7
Qd8 54. Qf5 Qa5 55. Qxe5 1-0

[Event "BL 1415 SG Turm Trier - Schachfr. Berli"]
[Site "?"]
[Date "2015.02.22"]
[Round "11.3"]
[White "Piorun, Kacper"]
[Black "Bobras, Piotr"]
[Result "1-0"]
[WhiteElo "2516"]
[BlackElo "2530"]
[PlyCount "59"]
[EventDate "2015.??.??"]

1. Nf3 Nf6 2. c4 c5 3. d4 cxd4 4. Nxd4 Nc6 5. g3 e5 6. Nb5 Bb4+ 7. N1c3 d6 8.
a3 Bxc3+ 9. Nxc3 Be6 10. Bg2 Bxc4 11. Bxc6+ bxc6 12. Qa4 Bb5 13. Nxb5 cxb5 14.
Qxb5+ Qd7 15. Qd3 h6 16. O-O O-O 17. Bd2 d5 18. Rfc1 d4 19. Rc4 Rad8 20. Ba5
Qh3 21. Qf3 Rd5 22. Bb4 Re8 23. e4 dxe3 24. fxe3 e4 25. Qf1 Qe6 26. Rac1 Rf5
27. Qh3 g6 28. Rc6 Qd5 29. Qxh6 Ng4 30. Rxg6+ 1-0

[Event "BL 1415 SG Turm Trier - Schachfr. Berli"]
[Site "?"]
[Date "2015.02.22"]
[Round "11.4"]
[White "Cyborowski, Lukasz"]
[Black "Schneider, Ilja"]
[Result "1-0"]
[WhiteElo "2518"]
[BlackElo "2498"]
[PlyCount "79"]
[EventDate "2015.??.??"]

1. Nf3 d5 2. d4 Nf6 3. c4 c6 4. Nc3 a6 5. e3 b5 6. b3 Bg4 7. Be2 Nbd7 8. O-O e6
9. h3 Bh5 10. Bb2 Bd6 11. c5 Bc7 12. Ne5 Bxe2 13. Nxe2 Nxe5 14. dxe5 Ng8 15.
Nd4 Ne7 16. a4 O-O 17. f4 Qd7 18. Qd3 Kh8 19. Ra2 Ng8 20. axb5 axb5 21. Rfa1
Rxa2 22. Rxa2 f6 23. Ra7 fxe5 24. Nxe6 Qxe6 25. Rxc7 Rf7 26. Rxf7 Qxf7 27. Bxe5
Nf6 28. Qf5 Qe8 29. Kh2 Kg8 30. Qg5 h6 31. Qf5 Ne4 32. Qg4 g6 33. Bd4 Kh7 34.
Qd1 Qa8 35. Qg4 Qe8 36. b4 h5 37. Qd1 Qa8 38. Bb2 Kh6 39. Qd4 Qf8 40. Qe5 1-0

[Event "BL 1415 SG Turm Trier - Schachfr. Berli"]
[Site "?"]
[Date "2015.02.22"]
[Round "11.5"]
[White "Maksimenko, Andrei"]
[Black "Parligras, Mircea-Emilian"]
[Result "1/2-1/2"]
[WhiteElo "2489"]
[BlackElo "2583"]
[PlyCount "52"]
[EventDate "2015.??.??"]

1. d4 Nf6 2. c4 e6 3. Nc3 Bb4 4. Qc2 d5 5. cxd5 exd5 6. Bg5 h6 7. Bh4 c5 8.
dxc5 O-O 9. e3 Be6 10. Nf3 Nbd7 11. Be2 Rc8 12. a3 Bxc5 13. O-O Be7 14. Qd1 Nb6
15. Nd4 Nc4 16. Bxc4 Rxc4 17. Qd3 Qd7 18. Nce2 Rfc8 19. Rfd1 Ng4 20. Bxe7 Qxe7
21. h3 Ne5 22. Qd2 Ng6 23. Rac1 a6 24. Ra1 Qd7 25. b3 R4c5 26. Rdc1 Qd6 1/2-1/2

[Event "BL 1415 SG Turm Trier - Schachfr. Berli"]
[Site "?"]
[Date "2015.02.22"]
[Round "11.6"]
[White "Gonda, Laszlo"]
[Black "Lauber, Arnd"]
[Result "1-0"]
[WhiteElo "2548"]
[BlackElo "2449"]
[PlyCount "53"]
[EventDate "2015.??.??"]

1. Nf3 d5 2. g3 Nf6 3. Bg2 e6 4. O-O c5 5. d4 Nc6 6. c4 Be7 7. cxd5 exd5 8. Nc3
O-O 9. dxc5 Bxc5 10. a3 a6 11. b4 Ba7 12. Bg5 Be6 13. Bxf6 gxf6 14. Qd2 Kg7 15.
Rfd1 d4 16. Ne4 Re8 17. Qf4 Bb8 18. Qh4 f5 19. Nc5 Qxh4 20. Nxh4 Bc8 21. Kf1
Be5 22. Rac1 Bf6 23. Nxb7 Bxb7 24. Nxf5+ Kg6 25. Nd6 d3 26. exd3 Bb2 27. Rb1
1-0

[Event "BL 1415 SG Turm Trier - Schachfr. Berli"]
[Site "?"]
[Date "2015.02.22"]
[Round "11.7"]
[White "Moreno Tejera, Emilio"]
[Black "Jaracz, Pawel"]
[Result "0-1"]
[WhiteElo "2448"]
[BlackElo "2503"]
[PlyCount "73"]
[EventDate "2015.??.??"]

1. e4 c5 2. Nf3 d6 3. d4 cxd4 4. Nxd4 Nf6 5. Nc3 a6 6. Be2 e6 7. O-O Nc6 8. Be3
Be7 9. f4 O-O 10. a4 Qc7 11. Kh1 Nxd4 12. Qxd4 Bd7 13. e5 Ne8 14. Bf3 Bc6 15.
Bxc6 Qxc6 16. f5 dxe5 17. Qxe5 Bf6 18. Qc5 Rc8 19. Qxc6 Rxc6 20. Ne4 exf5 21.
Rxf5 Bxb2 22. Rb1 Re6 23. Rxb2 Rxe4 24. Bc5 Re1+ 25. Bg1 f6 26. Rd5 Rf7 27. Rd8
Rc7 28. h3 Kf7 29. Kh2 Re2 30. Bb6 Rc6 31. Rd7+ Re7 32. Rxe7+ Kxe7 33. Ba5 Nd6
34. Bb4 b6 35. a5 bxa5 36. Bxa5 Nb5 37. Be1 0-1

[Event "BL 1415 SG Turm Trier - Schachfr. Berli"]
[Site "?"]
[Date "2015.02.22"]
[Round "11.8"]
[White "Galyas, Miklos"]
[Black "Abel, Dennes"]
[Result "1/2-1/2"]
[WhiteElo "2433"]
[BlackElo "2431"]
[PlyCount "43"]
[EventDate "2015.??.??"]

1. Nf3 d5 2. c4 c6 3. e3 Nf6 4. Nc3 e6 5. b3 Nbd7 6. Bb2 Bd6 7. Qc2 Qe7 8. Be2
O-O 9. O-O Re8 10. d4 dxc4 11. Bxc4 b5 12. Bd3 Bb7 13. Ne4 Nxe4 14. Bxe4 h6 15.
Ne5 Rac8 16. Nxd7 Qxd7 17. Rfd1 Qc7 18. g3 Qe7 19. Rac1 c5 20. Bxb7 Qxb7 21.
dxc5 Bxc5 22. Qd3 1/2-1/2

[Event "BL 1415 SF Katernberg - OSG Baden Baden"]
[Site "?"]
[Date "2015.02.22"]
[Round "11.3"]
[White "Shirov, Alexei"]
[Black "Zaragatski, Ilja"]
[Result "1-0"]
[WhiteElo "2689"]
[BlackElo "2469"]
[PlyCount "61"]
[EventDate "2015.??.??"]

1. e4 d6 2. d4 Nf6 3. Nc3 g6 4. f4 Bg7 5. Nf3 c5 6. Bb5+ Bd7 7. e5 Ng4 8. Bxd7+
Qxd7 9. h3 cxd4 10. Qxd4 Nc6 11. Qe4 Nh6 12. Be3 Nf5 13. Bf2 dxe5 14. fxe5 Nxe5
15. Nxe5 Qe6 16. O-O-O Bxe5 17. Rhe1 Bxc3 18. Qxb7 Qc8 19. Qxc8+ Rxc8 20. bxc3
Rc7 21. g4 Ng7 22. Bg3 Rb7 23. Re4 h5 24. Rc4 O-O 25. Rb4 Rb6 26. Rd7 hxg4 27.
hxg4 Ra6 28. a4 Ne6 29. Rxe7 Nc5 30. Be5 Rc8 31. Rc7 1-0

[Event "BL 1415 SF Katernberg - OSG Baden Baden"]
[Site "?"]
[Date "2015.02.22"]
[Round "11.5"]
[White "Vallejo Pons, Francisco"]
[Black "Scholz, Christian Dr"]
[Result "1-0"]
[WhiteElo "2706"]
[BlackElo "2360"]
[PlyCount "91"]
[EventDate "2015.??.??"]

1. e4 c5 2. Nf3 d6 3. d4 cxd4 4. Nxd4 Nf6 5. Nc3 a6 6. h3 e5 7. Nde2 h5 8. Bg5
Be6 9. Bxf6 Qxf6 10. Nd5 Qd8 11. Nec3 Nd7 12. Bc4 Rc8 13. Bb3 g6 14. Ne3 Nc5
15. O-O Bh6 16. Bxe6 Nxe6 17. Ned5 O-O 18. a4 Kg7 19. Ra3 Rc4 20. Qe2 Rd4 21.
Rd1 Qg5 22. Rb3 Nc5 23. Rb6 Qh4 24. b4 Rxd1+ 25. Nxd1 Nxe4 26. Rxb7 a5 27. bxa5
Nc5 28. Rb4 Qd8 29. Nb6 Qc7 30. Nc3 Ne6 31. Ncd5 Qa7 32. Qb5 Nd4 33. Qc4 Qxa5
34. c3 Ne6 35. Qc6 Qc5 36. Qxc5 Nxc5 37. a5 Bg5 38. Rc4 Na6 39. Nb4 Nxb4 40.
cxb4 Rb8 41. Rc8 Rb7 42. a6 Ra7 43. b5 Bd2 44. Nd5 Ba5 45. Rb8 e4 46. Rb7 1-0

[Event "BL 1415 SF Katernberg - OSG Baden Baden"]
[Site "?"]
[Date "2015.02.22"]
[Round "11.6"]
[White "Hoolt, Sarah"]
[Black "Movsesian, Sergei"]
[Result "0-1"]
[WhiteElo "2269"]
[BlackElo "2663"]
[PlyCount "110"]
[EventDate "2015.??.??"]

1. e4 c5 2. Nf3 e6 3. d4 cxd4 4. Nxd4 Nc6 5. Nc3 Qc7 6. f4 a6 7. Nxc6 bxc6 8.
Bd3 d5 9. O-O Nf6 10. Qe2 Be7 11. Kh1 Bb7 12. e5 Nd7 13. Na4 c5 14. c4 d4 15.
Be4 Rb8 16. Bd2 g6 17. b3 O-O 18. Rf3 Bxe4 19. Qxe4 Qb7 20. Qe2 Qc6 21. Re1
Rbe8 22. Nb2 f5 23. exf6 Bxf6 24. Nd3 e5 25. fxe5 Nxe5 26. Nxe5 Rxe5 27. Qf1
Rxe1 28. Bxe1 Qe4 29. h3 Be7 30. Bd2 Rf5 31. Kg1 Qc2 32. Qe1 Kf7 33. Bf4 g5 34.
Rf2 Qc3 35. Qxc3 dxc3 36. Bc1 Ke6 37. g4 Re5 38. Kf1 Re4 39. Rf5 Bd6 40. Bxg5
c2 41. Rf6+ Kd7 42. Bc1 Bg3 43. Kg2 Re1 44. Ba3 Bh4 45. Rf5 Ra1 46. Rxc5 Rxa2
47. Bc1 Be7 48. Rd5+ Kc6 49. Kf3 Ba3 50. Ra5 Bxc1 51. Rxa2 Bb2 52. Rxa6+ Kb7
53. Rh6 c1=Q 54. Rxh7+ Kc6 55. Rh5 Bd4 0-1

[Event "BL 1415 SF Katernberg - OSG Baden Baden"]
[Site "?"]
[Date "2015.02.22"]
[Round "11.7"]
[White "Gustafsson, Jan"]
[Black "Rosen, Bernd"]
[Result "1-0"]
[WhiteElo "2641"]
[BlackElo "2334"]
[PlyCount "45"]
[EventDate "2015.??.??"]

1. Nf3 Nf6 2. c4 c5 3. d4 cxd4 4. Nxd4 e5 5. Nb5 d5 6. cxd5 Bc5 7. N5c3 O-O 8.
g3 e4 9. Bg2 e3 10. Bxe3 Bxe3 11. fxe3 Ng4 12. Qd4 Re8 13. Nd1 a5 14. Nd2 Na6
15. Rc1 Nc7 16. Nc4 Ra6 17. O-O Nb5 18. Qc5 Bd7 19. d6 b6 20. Qd5 Nf6 21. Qd3
a4 22. e4 Be6 23. Na3 1-0

[Event "BL 1415 SF Katernberg - OSG Baden Baden"]
[Site "?"]
[Date "2015.02.22"]
[Round "11.8"]
[White "Heinz, Timothee"]
[Black "Dautov, Rustem"]
[Result "1/2-1/2"]
[WhiteElo "2359"]
[BlackElo "2604"]
[PlyCount "132"]
[EventDate "2015.??.??"]

1. d4 Nf6 2. Bg5 d5 3. e3 c5 4. Bxf6 exf6 5. Nc3 Be6 6. Nge2 cxd4 7. Nxd4 Bb4
8. Qd2 Qa5 9. Nb3 Qc7 10. a3 Bxc3 11. Qxc3 Qxc3+ 12. bxc3 Ke7 13. Nd4 Nd7 14.
Kd2 Rhc8 15. Bd3 Nc5 16. Rhb1 Bd7 17. Ne2 Rc7 18. Rb4 Rac8 19. Rab1 g6 20. R4b2
Bc6 21. Nd4 f5 22. Rb4 h5 23. h4 Bd7 24. Ne2 Bc6 25. Nd4 b6 26. Rh1 Bd7 27. Ne2
Na4 28. Ba6 Rd8 29. Rhb1 Rc5 30. Bd3 Rdc8 31. R4b3 Kd6 32. Ba6 R8c7 33. Bd3 Be8
34. Ra1 b5 35. Rh1 a6 36. Rh3 Rc8 37. Rf3 R5c7 38. Rh3 Bd7 39. Rh1 Be6 40. Rb4
Nxc3 41. Nxc3 Rxc3 42. Ra1 Bd7 43. g3 R3c5 44. Rb2 Kc7 45. Rab1 Bc6 46. Ra1 Kb6
47. Rab1 Rd8 48. Rb4 Kc7 49. Re1 Kd6 50. Reb1 Ke5 51. Re1 Bd7 52. Reb1 Rdc8 53.
R1b3 Be6 54. Rf4 Kd6 55. Rfb4 Bd7 56. Rf4 a5 57. Rd4 Ke5 58. Rf4 a4 59. Rb1 Rc3
60. Ra1 Kd6 61. Rd4 R8c5 62. Rb4 Kc7 63. Rd4 Kb6 64. Rf4 Ka5 65. Rd4 Be6 66.
Ra2 Bd7 1/2-1/2

[Event "BL 1415 Hansa Dortmund - SC Eppingen"]
[Site "?"]
[Date "2015.02.22"]
[Round "11.2"]
[White "Henrichs, Thomas"]
[Black "Bogner, Sebastian"]
[Result "1/2-1/2"]
[WhiteElo "2472"]
[BlackElo "2559"]
[PlyCount "46"]
[EventDate "2015.??.??"]

1. c4 e5 2. Nc3 Nf6 3. Nf3 Nc6 4. g3 Bb4 5. Bg2 O-O 6. O-O Bxc3 7. bxc3 e4 8.
Ng5 Re8 9. f3 exf3 10. Nxf3 d5 11. d4 Ne4 12. Qc2 dxc4 13. Rb1 f5 14. g4 Qe7
15. gxf5 Bxf5 16. Rb5 Bg6 17. Ne5 Nxe5 18. Rxe5 Qh4 19. Bf4 Nf2 20. Qd2 Nh3+
21. Kh1 Nf2+ 22. Kg1 Nh3+ 23. Kh1 Nf2+ 1/2-1/2

[Event "BL 1415 Hansa Dortmund - SC Eppingen"]
[Site "?"]
[Date "2015.02.22"]
[Round "11.3"]
[White "Balogh, Csaba"]
[Black "Tari, Aryan"]
[Result "1/2-1/2"]
[WhiteElo "2659"]
[BlackElo "2493"]
[PlyCount "302"]
[EventDate "2015.??.??"]

1. e4 c6 2. d4 d5 3. e5 Bf5 4. h4 h5 5. Bd3 Bxd3 6. Qxd3 e6 7. Bg5 Qb6 8. Nd2
c5 9. c4 Nc6 10. Ngf3 cxd4 11. O-O Nge7 12. a3 Qxb2 13. Rfc1 Qb6 14. Rab1 Qa6
15. Qb3 Rb8 16. Bxe7 Bxe7 17. cxd5 exd5 18. Qxd5 O-O 19. e6 f5 20. Qd7 Qxa3 21.
Nc4 Qc5 22. Nb6 Qa3 23. Nd5 Rbd8 24. Qxb7 Rxd5 25. Rxc6 Rdd8 26. Rc7 Rfe8 27.
Ne5 Rb8 28. Qxb8 Rxb8 29. Rxb8+ Kh7 30. Rcc8 Bd8 31. g4 d3 32. Rxd8 Qa1+ 33.
Kg2 Qxe5 34. Rh8+ Kg6 35. gxh5+ Kf6 36. Rhf8+ Ke7 37. Rfe8+ Kf6 38. Rf8+ Ke7
39. Rf7+ Kd6 40. Rd8+ Kc5 41. Rxd3 Qe4+ 42. Rf3 Qg4+ 43. Rg3 Qe4+ 44. Kh2 Qxh4+
45. Kg1 Qxh5 46. Rxa7 Qd1+ 47. Kg2 Qd5+ 48. Rf3 Qxe6 49. Rxg7 Qf6 50. Ra7 Qg6+
51. Kf1 Kd4 52. Ra4+ Kd5 53. Rd3+ Kc5 54. Rf4 Qf6 55. Rdf3 Qa1+ 56. Kg2 Qg7+
57. Rg3 Qf6 58. Rff3 Kd4 59. Rc3 f4 60. Rgd3+ Ke4 61. f3+ Kf5 62. Rc5+ Kg6 63.
Rdc3 Qd4 64. Rc6+ Kg7 65. Rc2 Kf7 66. Rc7+ Kf6 67. R2c4 Qd2+ 68. Kh3 Kg5 69.
R7c5+ Kg6 70. Rc6+ Kg7 71. Rc7+ Kg6 72. R4c6+ Kg5 73. Rc5+ Kg6 74. R7c6+ Kg7
75. Kg4 Qg2+ 76. Kxf4 Qh2+ 77. Ke3 Qg1+ 78. Ke4 Qe1+ 79. Kf5 Qb1+ 80. Kf4 Qb4+
81. Kf5 Qb1+ 82. Rc2 Qb5+ 83. Kg4 Qb4+ 84. R6c4 Qe1 85. Rc7+ Kg8 86. Kf5 Qb1
87. f4 Qb5+ 88. Kg4 Qd5 89. R2c5 Qg2+ 90. Kf5 Qh3+ 91. Kf6 Qh6+ 92. Ke5 Qh8+
93. Kd5 Qh1+ 94. Kd4 Qa1+ 95. Rc3 Qa4+ 96. Ke3 Qe8+ 97. Kf2 Qe4 98. R7c4 Qd5
99. Kg3 Qd1 100. f5 Kf7 101. Rc7+ Kf6 102. R7c6+ Kg5 103. f6 Qg4+ 104. Kf2 Qd4+
105. Ke2 Qe4+ 106. Kd2 Qd4+ 107. Kc1 Qf4+ 108. Kc2 Qa4+ 109. Kd3 Kg6 110. R3c4
Qd1+ 111. Kc3 Qa1+ 112. Kb4 Qb2+ 113. Ka5 Qe5+ 114. Ka6 Qe2 115. Kb7 Kf7 116.
Rb4 Qf3 117. Rbb6 Qd5 118. Ka7 Qa5+ 119. Kb8 Qe5+ 120. Rc7+ Kf8 121. f7 Qf4
122. Re6 Qb4+ 123. Rb7 Qf4+ 124. Ka8 Kg7 125. Ree7 Qa4+ 126. Kb8 Qf4+ 127. Rbc7
Qb4+ 128. Kc8 Qa4 129. Kb8 Qb4+ 130. Rb7 Qd6+ 131. Rec7 Qf8+ 132. Rc8 Qd6+ 133.
Ka7 Qa3+ 134. Kb6 Qb4+ 135. Kc7 Qe7+ 136. Kb8 Qd6+ 137. Rcc7 Qf8+ 138. Ka7 Qa3+
139. Kb6 Qb3+ 140. Kc6 Qe6+ 141. Kc5 Qe5+ 142. Kb6 Qd6+ 143. Rc6 Qb4+ 144. Kc7
Qe7+ 145. Kb8 Qf8+ 146. Ka7 Qa3+ 147. Ra6 Qc5+ 148. Kb8 Qf8+ 149. Ka7 Qc5+ 150.
Rab6 Qa3+ 151. Kb8 Qf8+ 1/2-1/2

[Event "BL 1415 Hansa Dortmund - SC Eppingen"]
[Site "?"]
[Date "2015.02.22"]
[Round "11.4"]
[White "Wegener, Olaf"]
[Black "Braun, Arik"]
[Result "0-1"]
[WhiteElo "2436"]
[BlackElo "2557"]
[PlyCount "102"]
[EventDate "2015.??.??"]

1. e4 c6 2. d4 d5 3. Nc3 dxe4 4. Nxe4 Bf5 5. Ng3 Bg6 6. h4 h6 7. Nf3 e6 8. Ne5
Bh7 9. Bd3 Bxd3 10. Qxd3 Nd7 11. f4 Bb4+ 12. c3 Be7 13. h5 Ngf6 14. Qf3 O-O 15.
Be3 Qa5 16. Nxd7 Nxd7 17. f5 Qd5 18. Qxd5 exd5 19. Bf4 Rfe8 20. Kf2 Bg5 21. Kf3
Bxf4 22. Kxf4 Re7 23. Rae1 Rae8 24. Rxe7 Rxe7 25. Kf3 Nf6 26. Rd1 Kf8 27. Rc1
Ne4 28. Nf1 Re8 29. Ne3 Nf6 30. g4 Re4 31. Rg1 Nh7 32. Ke2 Ke7 33. Kd3 Nf6 34.
Rg2 Rf4 35. b3 Kd6 36. c4 Rf3 37. Ke2 Rh3 38. Kd3 dxc4+ 39. bxc4 b5 40. Ke2
bxc4 41. Nxc4+ Kd5 42. Ne5 c5 43. Nf3 cxd4 44. g5 hxg5 45. Rxg5 d3+ 46. Ke3 Ne4
47. Rg1 f6 48. Kf4 d2 49. Rd1 Rxf3+ 50. Kxf3 Kd4 51. Kf4 Kd3 0-1

[Event "BL 1415 Hansa Dortmund - SC Eppingen"]
[Site "?"]
[Date "2015.02.22"]
[Round "11.5"]
[White "Ruck, Robert"]
[Black "Zelbel, Patrick"]
[Result "1-0"]
[WhiteElo "2584"]
[BlackElo "2439"]
[PlyCount "109"]
[EventDate "2015.??.??"]

1. d4 Nf6 2. c4 e6 3. Nf3 b6 4. a3 Ba6 5. e3 d5 6. Nbd2 Nbd7 7. b4 Bb7 8. Rb1
Be7 9. Bd3 O-O 10. O-O Ne4 11. Qc2 f5 12. Nb3 c6 13. Ne5 Bd6 14. Bb2 Nef6 15.
f4 Ne4 16. c5 Bxe5 17. dxe5 bxc5 18. Bxe4 fxe4 19. Nxc5 Nxc5 20. Qxc5 Qb6 21.
Rfc1 Rfc8 22. Kf2 Qxc5 23. Rxc5 Ba6 24. Rbc1 Bb5 25. g4 g6 26. Kg3 Kf7 27. Bd4
a5 28. bxa5 Rcb8 29. Bc3 Ra6 30. Rb1 Raa8 31. Rb2 Ke7 32. Kh4 h6 33. Rf2 Kd7
34. f5 gxf5 35. gxf5 exf5 36. Rxf5 Rf8 37. Rf6 Rxf6 38. exf6 Kd6 39. Bd4 Ke6
40. Rc2 Rxa5 41. Rf2 Ra8 42. Kh5 Kf7 43. Kxh6 Rc8 44. Bc5 Rh8+ 45. Kg5 Ba6 46.
Kf4 Rh5 47. Kg4 Kg6 48. h4 Bc8+ 49. Kg3 Bf5 50. a4 Kxf6 51. a5 d4 52. Bxd4+ Ke7
53. a6 Be6 54. a7 Ra5 55. Bc5+ 1-0

[Event "BL 1415 Hansa Dortmund - SC Eppingen"]
[Site "?"]
[Date "2015.02.22"]
[Round "11.6"]
[White "Tuncer, Ufuk"]
[Black "Mons, Leon"]
[Result "1/2-1/2"]
[WhiteElo "2342"]
[BlackElo "2445"]
[PlyCount "48"]
[EventDate "2015.??.??"]

1. e4 e5 2. Nf3 Nc6 3. g3 Bc5 4. Bg2 d6 5. O-O Nf6 6. d3 O-O 7. c3 a6 8. a4 h6
9. Na3 Re8 10. Nc2 Ba7 11. Be3 Bxe3 12. Nxe3 d5 13. Nxd5 Nxd5 14. exd5 Qxd5 15.
Re1 Qd6 16. d4 Bg4 17. d5 Nb8 18. Qb3 Nd7 19. Nd2 Rab8 20. a5 Bf5 21. Nc4 Qc5
22. Ne3 Bg6 23. Qa3 e4 24. Qxc5 Nxc5 1/2-1/2

[Event "BL 1415 Hansa Dortmund - SC Eppingen"]
[Site "?"]
[Date "2015.02.22"]
[Round "11.7"]
[White "Medvegy, Zoltan"]
[Black "Kotter, Ralf"]
[Result "1-0"]
[WhiteElo "2525"]
[BlackElo "2337"]
[PlyCount "99"]
[EventDate "2015.??.??"]

1. Nf3 Nf6 2. c4 e6 3. g3 b6 4. Bg2 Bb7 5. d4 Bb4+ 6. Bd2 Be7 7. Nc3 d5 8. cxd5
Nxd5 9. Nxd5 exd5 10. O-O O-O 11. b4 Nd7 12. Qb3 c6 13. a4 Bd6 14. Bf4 Qe7 15.
Bxd6 Qxd6 16. Rfc1 Rfe8 17. e3 a5 18. bxa5 Rxa5 19. Ne5 b5 20. Nxd7 Qxd7 21.
axb5 Rxb5 22. Qa3 Qe7 23. Qxe7 Rxe7 24. Bf1 Rb6 25. Ra7 Kf8 26. Bd3 g6 27. Kg2
f6 28. g4 Kf7 29. Kg3 Ke6 30. h4 Kf7 31. g5 Kg7 32. Rb1 Rxb1 33. Bxb1 Kf7 34.
Bc2 Ke6 35. Kf4 f5 36. h5 Kd6 37. hxg6 hxg6 38. Bd3 c5 39. dxc5+ Kxc5 40. f3
Kb6 41. Ra2 Bc6 42. Rc2 Bd7 43. Rc3 Bc6 44. Bc2 Bd7 45. Bb3 Bc6 46. Rc1 Kb5 47.
Ba4+ Kxa4 48. Rxc6 Rg7 49. Ke5 Re7+ 50. Kd4 1-0